000 00690nam a2200265Ia 4500
005 20260302115334.0
008 008 260114s9999 xx 000 0 eng d
020 _a9798216003267
037 _aTextbook
040 _aCRL
040 _beng
040 _cCRL
041 _2eng
041 _aeng
084 _qCRL
100 _aCarmen D. Hernández
_91121347
245 0 _aPuerto Rican Voices in English Interviews with Writers
260 _bBloomsbury
260 _bPraeger
260 _c1997
650 _aLiterary Studies
856 _uhttps://doi.org/10.5040/9798216003267?locatt=label:secondary_bloomsburyCollections
942 _cEBOOK
999 _c1685848
_d1685848